000 00825nam a2200241Ii 4500
003 JO-AjNU
008 230605s9999||||xx |||||||||||||| ||und||
017 _a2000/10/2835
020 _a978-9957-11-164-7
040 _aJO-AjNU
_bara
_erda
_cJO-AjNU
041 _aara
050 1 4 _aTX911.3.M3.M873 2001
100 3 _aمقابلة، خالد، م.مشارك علاء السرابي,
_eauthor
_951011
245 0 0 _aالتسويق السياحي الحديث
250 _aط1
264 3 1 _aعمان: دار وائل للنشر والتوزيع، 2001
300 _a307ص
336 _atext
_btxt
_2rdacontent
337 _aunmediated
_bn
_2rdamedia
338 _avolume
_bnc
_2rdacarrier
490 0 _aسلسلة السياحة والفنادق؛ (7)
650 4 _aالسياحة - التسويق - الاردن
_951012
999 _aA22506
_c26074
_d26074